000 00824cam a2200241 a 4500
001 000004010
005 20200929150650.0
008 980408s1999 flu 000 f spa
020 _a0789905779
040 _aDO-SdBNP
_bspa
_cBNPHU
041 1 7 _aspa
_heng
_2Código de idioma MARC
082 _a823.3
_bL183c
100 1 _aLaHaye, Tim F.
_d1926-
_912001
245 1 0 _aCosecha de almas :
_bel mundo toma partido /
_cTim LaHaye y Jerry B. Jenkins ; traducción, Nellyda Pablovsky.
260 _aMiami, FL :
_bUnilit,
_c1999.
300 _a327 p. ;
_c21 cm.
534 _aTítulo original: Soul harvest
650 4 _aNovela inglesa
_91071
650 4 _aLiteratura inglesa
_ySIGLO XX
_94369
700 1 _aJenkins, Jerry B.,
_d1949 -
_912002
700 1 _aPablovsky, Nellyda,
_etr.
_910557
910 _aCatalogación por copia / LC
999 _c3829
_d3829